Statistics for People in History A-Z #3

Click here to take the quiz!

General Stats

  • This quiz has been taken 37,346 times
    (36,741 since last reset)
  • The average score is 16 of 26

Answer Stats

LetterHintAnswer% Correct
CHe "discovered" AmericaChristopher Colombus
99%
MMuslim prophet and founder of IslamMuhammad
94%
SSoviet dictatorJoseph Stalin
93%
GThe greatest Khan and warlord of MongoliaGenghis Khan
91%
NAmerican president who resigned after WatergateRichard Nixon
91%
LPresident during the U.S. Civil WarAbraham Lincoln
90%
AGreek conqueror whose empire extended to IndiaAlexander the Great
90%
FFamous Assassinated Austrian archdukeFranz Ferdinand
89%
IFirst Russian tsarIvan the Terrible
85%
HHungarian escape artistHarry Houdini
80%
DSpanish surrealist painterSalvador Dalí
76%
PVenetian explorer who travelled China and East AsiaMarco Polo
72%
VComposer of "The Four Seasons"Antonio Vivaldi
69%
TThe buck stopped with this U.S. PresidentHarry S. Truman
61%
QFirst emperor of China; his grave is guarded by the Terracotta ArmyQin Shi Huang
57%
JSwiss psychiatrist who founded analytical psychologyCarl Jung
47%
RScottish king who helped win independence in the 1300sRobert the Bruce
46%
BAncient British queen who resisted Roman invasionBoudica
42%
KPrussian philosopher: "Critique of Pure Reason"Immanuel Kant
42%
YIrish poet who won the Nobel Prize for Literature in 1923William Butler Yeats
42%
WSci-fi novelist who wrote "The War of The Worlds"H.G. Wells
41%
EHolocaust organizer who fled to ArgentinaAdolf Eichmann
33%
ZBuilder of rigid dirigiblesFerdinand von Zeppelin
33%
OOften considered the first Holy Roman EmperorOtto I
33%
UBirth name of V. I. LeninVladimir Ilyich Ulyanov
19%
XGreek historian and soldier who wrote "Anabasis"Xenophon
13%

Score Distribution

Percentile by Number Answered

Percent of People with Each Score

Your Score History

You have not taken this quiz since the last reset